İnsan hakları : (Record no. 68486)
[ view plain ]
| 000 -LEADER | |
|---|---|
| fixed length control field | 00631 a2200229 4500 |
| 001 - CONTROL NUMBER | |
| control field | 68486 |
| 003 - CONTROL NUMBER IDENTIFIER | |
| control field | TR-AnTOB |
| 005 - DATE AND TIME OF LATEST TRANSACTION | |
| control field | 20251014073922.0 |
| 008 - FIXED-LENGTH DATA ELEMENTS--GENERAL INFORMATION | |
| fixed length control field | 080306s tu 00000 tur |
| 041 ## - LANGUAGE CODE | |
| Language code of text/sound track or separate title | Türkçe |
| 050 ## - LIBRARY OF CONGRESS CALL NUMBER | |
| Classification number | JC571 |
| Item number | I5 2006 |
| 090 ## - LOCALLY ASSIGNED LC-TYPE CALL NUMBER (OCLC); LOCAL CALL NUMBER (RLIN) | |
| Classification number (OCLC) (R) ; Classification number, CALL (RLIN) (NR) | JC571 I5 2006 |
| 245 #0 - TITLE STATEMENT | |
| Title | İnsan hakları : |
| Remainder of title | temel Bilgiler, koruma mekanizmaları, il ve ilçe insan hakları kurulları. |
| 264 #1 - PRODUCTION, PUBLICATION, DISTRIBUTION, MANUFACTURE, AND COPYRIGHT NOTICE | |
| Place of production, publication, distribution, manufacture | Ankara : |
| Name of producer, publisher, distributor, manufacturer | , |
| Date of production, publication, distribution, manufacture, or copyright notice | 2006. |
| 300 ## - PHYSICAL DESCRIPTION | |
| Extent | 234 p. ; |
| Dimensions | 20 cm. |
| 650 #0 - SUBJECT ADDED ENTRY--TOPICAL TERM | |
| Topical term or geographic name entry element | Human rights |
| 9 (RLIN) | 8986 |
| Topical term or geographic name entry element | İnsan hakları |
| Source of heading or term | etuturkob |
| 9 (RLIN) | 11238 |
| 902 ## - LOCAL DATA ELEMENT B, LDB (RLIN) | |
| a | 0023107, 0023108, 0024027 |
| 903 ## - LOCAL DATA ELEMENT C, LDC (RLIN) | |
| a | Merkez Kütüphane |
| 945 ## - LOCAL PROCESSING INFORMATION (OCLC) | |
| a | MÇ, 14.05.2008 |
| 942 ## - ADDED ENTRY ELEMENTS (KOHA) | |
| Koha item type | Book |
| Withdrawn status | Lost status | Source of classification or shelving scheme | Not for loan | Collection code | Home library | Current library | Shelving location | Date acquired | Source of acquisition | Inventory number | Total Checkouts | Total Holds | Full call number | Barcode | Copy number | Date shelved | Koha item type | Total Renewals | Date last seen | Date last checked out |
|---|---|---|---|---|---|---|---|---|---|---|---|---|---|---|---|---|---|---|---|---|
| Library of Congress Classification | Ödünç Verilebilir / Available | Genel Koleksiyon | Merkez Kütüphane | Merkez Kütüphane | Genel Koleksiyon / Main Collection | 06/12/2008 | Bağış / Donation | SUİ | JC571 .I5 2006 | 0023107 | 1 | 21/04/2010 | Book | |||||||
| Library of Congress Classification | Ödünç Verilebilir / Available | Genel Koleksiyon | Merkez Kütüphane | Merkez Kütüphane | Genel Koleksiyon / Main Collection | 06/12/2008 | Bağış / Donation | SUİ | JC571 .I5 2006 | 0023108 | 2 | 21/04/2010 | Book | |||||||
| Library of Congress Classification | Ödünç Verilebilir / Available | Genel Koleksiyon | Merkez Kütüphane | Merkez Kütüphane | Genel Koleksiyon / Main Collection | 14/12/2008 | Bağış / Donation | SUİ | 3 | JC571 .I5 2006 | 0024027 | 3 | 21/04/2010 | Book | 3 | 31/08/2018 | 25/08/2018 |
